000 00529nam a2200181Ia 4500
005 20250326141846.0
008 250326s9999 xx 000 0 und d
037 _aTextbook
040 _aFMSL
_beng
_cFMSL
041 _aeng
_2eng
084 _aG:55.433 M6
_qFMSL
100 _aWHO
_973500
245 0 _aEnvironmental Health aspects of Industrial and Housing estates
_cWHO
260 _aNew Delhi
_bNew Delhi, World Health Org.
_c1986
300 _a61p
942 _cTB
_hG:55.433 M6
999 _c1292318
_d1292318